000 00426nam a22001697a 4500
003 MPLRDC
005 20220104113919.0
008 210129b ||||| |||| 00| 0 eng d
082 _a848.2 LQX-4
100 _a林清玄主编
245 _a含笑看我: 台湾散文选编
_c
250 _a一版一刷
260 _a
_b中国友谊出版公司
_c1985
300 _b
650 _a现代别集
942 _cBK
_o848.2 LQX-4
999 _c3340
_d3330